| 000 | 00539nam a2200205 i 4500 | ||
|---|---|---|---|
| 001 | 94662 | ||
| 003 | ES-MaACL | ||
| 005 | 20230906181529.0 | ||
| 007 | t| | ||
| 008 | 050511s1920 it ||||1| ita d | ||
| 100 | 1 |
_aLovera, Romeo. _974363 |
|
| 245 | 1 | 0 |
_aGrammatica della lingua Greca Moderna / _cRomeo Lovera. |
| 250 | _a3ยช ed. | ||
| 260 |
_aMilano : _bAllegretti, _c1920. |
||
| 300 |
_aVI, 255 p. ; _c15 cm. |
||
| 490 | 1 | _aManuali Hoepli | |
| 830 | 0 |
_aManuali Hoepli _9180782 |
|
| 852 |
_aES-MaACL _jD-4245 |
||
| 999 |
_c94662 _d94662 |
||